00626 2200241 4500001002100000005001700021008004100038020001500079035002400094040001300118082000800131084001400139090001400153100001900167245002500186250001000211260005100221300002800272440002600300650002400326990001600350990001800366INLIS00000000000005420151026095600.0  a979-8948-3 0010-101500000000009 aNPBUNLOB a398 a398 Sup c a398 Sup c aY. B. Suparlan acerita rakyat maluku acet 2 aYogyakarta:bYayasan Pustaka Nusantara,c2008. av, 55 hlm,; ilu.; 21 cm acerita Anak Indonesia afiksi/cerita rakyat a4184/sum/02 a12663/PN/2015